|
|
|
|
| LEADER |
00000nam0a2200000 4500 |
| 001 |
323661 |
| 005 |
20231102003606.0 |
| 035 |
|
|
|a (RuTPU)RU\TPU\book\349248
|
| 035 |
|
|
|a RU\TPU\book\218677
|
| 090 |
|
|
|a 323661
|
| 100 |
|
|
|a 20161025d1975 km y0rusy5003 ca
|
| 101 |
0 |
|
|a rus
|
| 102 |
|
|
|a RU
|
| 105 |
|
|
|a a z 001zy
|
| 200 |
1 |
|
|a Инженерная психология и синтез систем отображения информации
|f В. Ф. Венда
|
| 210 |
|
|
|a Москва
|c Машиностроение
|d 1975
|
| 215 |
|
|
|a 398 с.
|c ил.
|
| 320 |
|
|
|a Библиогр.: с. 389-395
|
| 606 |
1 |
|
|a Инженерная психология
|2 stltpush
|3 (RuTPU)RU\TPU\subj\12577
|9 39340
|
| 606 |
1 |
|
|a Отображения устройства
|x Проектирование
|2 stltpush
|3 (RuTPU)RU\TPU\subj\47751
|9 66662
|
| 610 |
1 |
|
|a операторы
|
| 610 |
1 |
|
|a психофизиология
|
| 610 |
1 |
|
|a отображения устройств
|
| 610 |
1 |
|
|a проектирование
|
| 610 |
1 |
|
|a человек-машина
|
| 610 |
1 |
|
|a математическое моделирование
|
| 610 |
1 |
|
|a синтез
|
| 610 |
1 |
|
|a адаптация
|
| 610 |
1 |
|
|a оптимизация
|
| 675 |
|
|
|a 681.327.22
|v 3
|
| 686 |
|
|
|a Ю941.1
|v LBC/SL-A
|2 rubbk
|
| 700 |
|
1 |
|a Венда
|b В. Ф.
|g Валерий Федорович
|4 070
|
| 801 |
|
0 |
|a RU
|b 63413507
|c 19950704
|g psbo
|
| 801 |
|
1 |
|a RU
|b 63413507
|c 20110909
|
| 801 |
|
2 |
|a RU
|b 63413507
|c 20171128
|g RCR
|
| 942 |
|
|
|c BK
|